000 00497nam a2200181Ia 4500
001 24538
005 20260414151050.0
008 260414t2009||||xx |||||||||||||| ||spa||
041 _aESP
082 _a345.72
_bH56
100 _aHinostroza Minguez, Alberto, 1968-
_eAUT
245 0 _aLas excepciones en el proceso civil :
_bdoctrina - jurisprudencia - práctica forense
260 _c2009
300 _a783 páginas :
_c24 cm.
650 _aDER
654 _aCDE
942 _cLIB
_dJUS
_fJUS
_2ddc
_n
999 _c24538
_d24538